000
00298cam a2200121 4500
001
L135750
008
061208n2006 000 0 eng u
020
_a
8790907558
035
_a
(Sirsi) u135750
245
_a
Adiminstering marine spaces international issues
260
_a
FIG
_c
2006
942
_n
0
999
_c
106185
_d
106185